00388nam a22001217a 4500082002900000100002100029245007300050260004000123300002100163526003700184526003700221650000800258 a343.015bPERcL-40, P-08 aPervez M, Farooq aDastoor-ul-amal Pakistan bari fauj: manual of Pakistan miltary law / aRawalpindi:bQazi Publisher,cc1999 axxx, 978p;c18cm a0b0c0d343_015000000000000_PER a0b0c0d343_015000000000000_PER aMCE